[Event "Lloyds Bank Masters 07th"]
[Site "London"]
[Date "1983.08.30"]
[Round "7"]
[White "Conquest, Stuart"]
[Black "Keene, Raymond D"]
[Result "1-0"]
[WhiteElo "2255"]
[BlackElo "2495"]
[Annotator "Conquest"]
[PlyCount "51"]
[EventDate "1983.08.24"]
[EventType "swiss"]
[EventRounds "9"]
[EventCountry "ENG"]
[SourceTitle "BritBase"]
[Source "John Saunders"]
[SourceDate "2022.12.30"]
[SourceVersion "1"]
[SourceVersionDate "2022.12.30"]
[SourceQuality "1"]

1. d4 g6 2. c4 Bg7 3. Nc3 d6 4. e4 Nc6 5. d5 Nd4 6. Be3 e5 ({More common here
is} 6... c5 {although I was familiar with the game Seirawan-Keene, Netherlands
1982 which continued} 7. Nge2 Qb6 8. Nxd4 cxd4 9. Na4 Qa5+ 10. Bd2 Qc7 11. c5
$1 dxc5 12. Bb5+ Bd7 13. Bxd7+ Qxd7 14. Nxc5 $16) 7. Nge2 Nxe2 8. Bxe2 Nh6 $6 (
{Simply} 8... Ne7 {was preferable, e.g.} 9. g4 f5 10. gxf5 gxf5 11. Bh5+ Kf8)
9. g4 $1 Qh4 $2 ({This queen sortie must be incorrect but Black understandably
did not want to resign himself to} 9... f6 {when White has a large spatial
advantage with opportunities for attack on both the kingside and queenside})
10. Rg1 $1 f6 {The h-pawn cannot be taken because of 11 Kd2! but now the black
queen is somewhat out on a limb, allowing White to quickly begin his queenside
offensive.} 11. Nb5 Kd8 12. c5 $1 {White must act quickly before Black has a
chance to play ...Nf7 and ...Bh6, exchanging his poor bishop and leaving White
weak on the dark squares.} Nf7 ({Or if} 12... a6 {probably} 13. Na3 {to answer}
dxc5 {with} 14. d6 $1 {when the newly-formed weakness at b6 is apparent.}) 13.
Qc2 Bd7 ({The best chance. Not, of course,} 13... a6 $2 14. cxd6 {etc.}) 14. c6
$5 ({I saw} 14. cxd6 cxd6 15. Qc7+ Ke7 ({during the game I thought that Black
could put up some resistance with} 15... Ke8 16. Nxd6+ (16. Qxb7 {may be better
}) 16... Nxd6 17. Qxd6 Bf8 18. Qc7 Bb4+ {however this line is simpler than
what I played, and seems to give a clearly winning position.}) 16. Nxd6 $1 {
etc,}) 14... bxc6 15. dxc6 Be6 {This natural move meets with a strong reply,
but the alternatives of 15...Bc8 and 15...Be8 hardly appear appetising} 16. Bc4
$1 {This positionally-motivated move leads to a forced variation which
culminates in the winning of Black's c7 pawn.} Re8 ({Not} 16... Bxc4 $2 17.
Qxc4 {and White's queen penetrates to e6 and delivers mate.}) 17. Bxe6 Rxe6 18.
Qb3 ({Only now did I observe that my intended} 18. Nxc7 Kxc7 19. Qb3 {fails to}
Nd8) 18... Re7 19. Nxa7 Ke8 ({Black's only defence to save his rook against 20
Qb7 comes anyway. No prizes for} 19... Rxa7 $4 20. Qb8#) 20. Qb7 Rd8 21. Nc8
Re6 22. Qxc7 ({Also possible was} 22. Qb3 {forcing} d5 23. exd5 Red6 24. Nxd6+
Nxd6 {when Black can struggle on. The text is stronger as the pawn is going
all the way home.}) 22... Bh6 $1 {Finally this bishop sees the light of dawn
and I suddenly noticed that my intended 23 Bb6 did not threaten mate in one,
as I had previously assumed, for some inexplicable reason.} 23. O-O-O {White
still has to be careful, and I had to have a long think before playing this
move, to convince myself that I was still winning. If White's king stays on e1
there is a danger of ...Nf7-g5-f3+ causing difficulties.} Qxf2 $1 (23... Bxe3+
$1 {Fritz}) 24. Bxh6 Nxh6 25. Kb1 $1 {This safe and strong move ensures the
win, as White can always put a rook on c1 to support the push of the c-pawn,
the King is also now away from annoying checks.} Nf7 26. Qb7 1-0

[Event "Lloyds Bank Masters 07th"]
[Site "London"]
[Date "1983.08.30"]
[Round "7"]
[White "Kopec, Danny"]
[Black "Quinteros, Miguel"]
[Result "1-0"]
[WhiteElo "2340"]
[BlackElo "2500"]
[PlyCount "87"]
[EventDate "1983.08.24"]
[EventType "swiss"]
[EventRounds "9"]
[EventCountry "ENG"]
[SourceTitle "Britbase"]

1. e4 c5 2. Nf3 e6 3. Nc3 a6 4. g3 b5 5. d3 Nc6 6. Bg2 Bb7 7. a4 b4 8. Nb1 g6
9. O-O Bg7 10. Nbd2 Ne5 11. Re1 d6 12. h4 h6 13. Nf1 Ne7 14. Qe2 N7c6 15. Ne3
Qc7 16. Nc4 Nxc4 17. dxc4 a5 18. Rb1 O-O 19. Be3 f5 20. exf5 gxf5 21. Qd2 Kh7
22. Rbd1 Rad8 23. Bg5 Rd7 24. Rxe6 hxg5 25. Nxg5+ Kg8 26. Rg6 Ne5 27. Bd5+ Bxd5
28. Qxd5+ Kh8 29. Ne6 Qc8 30. Nxf8 Qxf8 31. Rxd6 Rxd6 32. Qxd6 Nxc4 33. Qxf8+
Bxf8 34. Rd8 Kg8 35. Ra8 Kg7 36. b3 Na3 37. Rxa5 Kf6 38. Ra8 Bd6 39. a5 Nxc2
40. Rc8 Nd4 41. a6 Nb5 42. Rc6 Ke5 43. h5 Na7 44. h6 1-0

[Event "Lloyds Bank Masters 07th"]
[Site "London"]
[Date "1983.08.30"]
[Round "7"]
[White "Martin, Andrew D"]
[Black "Cox, John J"]
[Result "1-0"]
[WhiteElo "2340"]
[BlackElo "2355"]
[PlyCount "101"]
[EventDate "1983.08.24"]
[EventType "swiss"]
[EventRounds "9"]
[EventCountry "ENG"]
[SourceTitle "Britbase"]

1. d4 Nf6 2. c4 e6 3. Nf3 b6 4. g3 Bb7 5. Bg2 Bb4+ 6. Bd2 Be7 7. Nc3 O-O 8. O-O
Na6 9. Rc1 c5 10. d5 exd5 11. Nh4 Nc7 12. Nf5 d6 13. cxd5 b5 14. Bg5 Nce8 15.
Re1 b4 16. Ne4 Qc7 17. Qd2 Nxd5 18. Nxc5 Bxg5 19. Qxg5 dxc5 20. Bxd5 Bxd5 21.
Ne7+ Kh8 22. Nxd5 Qd6 23. Red1 Qe6 24. Qe7 Qxe7 25. Nxe7 Nf6 26. Rxc5 Rfe8 27.
Rc7 g6 28. e3 Kg7 29. Rd4 a5 30. Nc6 Ra6 31. Nd8 Rf8 32. Nb7 Ra7 33. Rdc4 Nd5
34. R7c5 Nxe3 35. fxe3 Rxb7 36. Rxa5 Rd8 37. Rd4 Rbd7 38. Kf2 Rxd4 39. exd4
Rxd4 40. Ke3 Rd1 41. Ra4 Ra1 42. Kd4 h5 43. Kc4 Rh1 44. Rxb4 Rxh2 45. a4 Kh6
46. a5 Rc2+ 47. Kd5 Rc8 48. a6 g5 49. Ra4 g4 50. b4 h4 51. gxh4 1-0

[Event "Lloyds Bank Masters 07th"]
[Site "London"]
[Date "1983.08.30"]
[Round "7"]
[White "Nunn, John DM"]
[Black "Levitt, Jonathan"]
[Result "1-0"]
[WhiteElo "2590"]
[BlackElo "2315"]
[PlyCount "59"]
[EventDate "1983.08.24"]
[EventType "swiss"]
[EventRounds "9"]
[EventCountry "ENG"]
[SourceTitle "Britbase"]

1. e4 e6 2. d4 d5 3. Nd2 c5 4. Ngf3 Nc6 5. exd5 Qxd5 6. Bc4 Qd8 7. dxc5 Bxc5 8.
O-O Nf6 9. Qe2 Qc7 10. Ne4 Be7 11. Re1 Bd7 12. b3 O-O-O 13. Bb2 Nxe4 14. Qxe4
Bf6 15. Bxf6 gxf6 16. Qh4 f5 17. Rad1 Rdf8 18. Rd2 Qd8 19. Qh6 Qe7 20. c3 Rfg8
21. Red1 Be8 22. h4 Rg4 23. Bf1 f6 24. h5 Nb8 25. Rd8+ Kc7 26. Qe3 b6 27. Nd4
Re4 28. Qg3+ f4 29. Qd3 f5 30. Qc4+ 1-0

[Event "Lloyds Bank Masters 07th"]
[Site "London"]
[Date "1983.08.30"]
[Round "7"]
[White "Ravikumar, Vaidyanathan"]
[Black "King, Daniel J"]
[Result "0-1"]
[WhiteElo "2390"]
[BlackElo "2395"]
[PlyCount "88"]
[EventDate "1983.08.24"]
[EventType "swiss"]
[EventRounds "9"]
[EventCountry "ENG"]
[SourceTitle "Britbase"]

1. d4 Nf6 2. c4 e6 3. Nf3 c5 4. d5 exd5 5. cxd5 d6 6. Nc3 g6 7. Nd2 Nbd7 8. e4
Bg7 9. Be2 O-O 10. O-O Re8 11. Qc2 Ne5 12. b3 g5 13. Bb2 g4 14. Rfe1 Nh5 15.
Nd1 Nf4 16. Bf1 Bd7 17. g3 Nfg6 18. Ne3 Qg5 19. Rad1 Rad8 20. Ba1 Rf8 21. a4 f5
22. Nxf5 Bxf5 23. exf5 Rxf5 24. Bg2 Rdf8 25. Ne4 Qd8 26. Re3 Qd7 27. Qe2 Nf3+
28. Bxf3 gxf3 29. Qb5 Qxb5 30. axb5 Bxa1 31. Rxa1 Rxd5 32. Nc3 Rd2 33. Rxa7 d5
34. Re1 d4 35. Na4 Re2 36. Rf1 d3 37. Nxc5 d2 38. Raa1 Ne5 39. Nxb7 Nd3 40. Na5
Nxf2 41. b6 Ng4 42. b7 Rg2+ 43. Kh1 Rxh2+ 44. Kg1 f2+ 0-1

[Event "Lloyds Bank Masters 07th"]
[Site "London"]
[Date "1983.08.30"]
[Round "7"]
[White "Rogers, Ian"]
[Black "Howell, James C"]
[Result "1-0"]
[WhiteElo "2450"]
[BlackElo "2280"]
[PlyCount "95"]
[EventDate "1983.08.24"]
[EventType "swiss"]
[EventRounds "9"]
[EventCountry "ENG"]
[SourceTitle "BritBase"]
[Source "John Saunders"]
[SourceDate "2022.12.30"]
[SourceVersion "1"]
[SourceVersionDate "2022.12.30"]
[SourceQuality "1"]

1. d4 Nf6 2. c4 g6 3. Nc3 Bg7 4. e4 d6 5. Be2 O-O 6. Nf3 e5 7. d5 a5 8. Bg5 h6
9. Bh4 Na6 10. Nd2 Qe8 11. a3 Bd7 12. b3 Nh7 13. Rb1 h5 14. f3 Bh6 15. Bf2 Qe7
16. b4 axb4 17. axb4 h4 18. Nf1 f5 19. Qb3 h3 20. g3 Kh8 21. Qb2 c5 22. bxc5
Nxc5 23. Nd2 Qg5 24. Rd1 Nf6 25. f4 exf4 26. Nf3 Qh5 27. e5 Nfe4 28. e6 Nxf2
29. Kxf2 Be8 30. Nh4 fxg3+ 31. hxg3 Ne4+ 32. Nxe4+ Bg7 33. Nc3 Qg5 34. Rxh3 Kg8
35. Rd3 f4 36. g4 f3 37. Nxf3 Qxg4 38. Rg3 Qxc4 39. Qd2 b5 40. Re3 Qf4 41. Bxb5
Bd4 42. Bxe8 Raxe8 43. Ne2 Bxe3+ 44. Qxe3 Qf5 45. Kg2 Ra8 46. Qh6 Rf6 47. Rh3
Qg4+ 48. Kh2 {Source: Ian Rogers via Paul Summers (Australian Chess Games -
https://sites.google.com/view/australianchess/home)} 1-0

[Event "Lloyds Bank Masters 07th"]
[Site "London"]
[Date "1983.08.30"]
[Round "7"]
[White "Watson, William N"]
[Black "Whitehead, Paul A"]
[Result "1-0"]
[WhiteElo "2395"]
[BlackElo "2330"]
[PlyCount "47"]
[EventDate "1983.08.24"]
[EventType "swiss"]
[EventRounds "9"]
[EventCountry "ENG"]
[SourceTitle "Britbase"]

1. e4 g6 2. d4 d6 3. Nc3 Bg7 4. f4 Nc6 5. Be3 Nf6 6. Nf3 O-O 7. Qd2 e6 8. O-O-O
a6 9. h3 b5 10. e5 Nd5 11. Nxd5 exd5 12. g4 dxe5 13. dxe5 Be6 14. f5 d4 15. Bh6
gxf5 16. Bd3 f6 17. gxf5 Bd5 18. Rhg1 Rf7 19. e6 Re7 20. Bxg7 Rxg7 21. Qh6 Qf8
22. Rxg7+ Qxg7 23. Rg1 Qxg1+ 24. Nxg1 1-0

[Event "Lloyds Bank Masters 07th"]
[Site "London"]
[Date "1983.08.30"]
[Round "7"]
[White "Wicker, Kevin J"]
[Black "Razuvaev, Yuri S"]
[Result "0-1"]
[WhiteElo "2280"]
[BlackElo "2525"]
[PlyCount "60"]
[EventDate "1983.08.24"]
[EventType "swiss"]
[EventRounds "9"]
[EventCountry "ENG"]
[SourceTitle "Britbase"]

1. d4 Nf6 2. Nf3 e6 3. Bf4 b6 4. e3 Bb7 5. Nbd2 Be7 6. Be2 Nh5 7. Bg3 d6 8. c3
Nd7 9. a4 a6 10. Nh4 Bxh4 11. Bxh5 Bxg3 12. hxg3 Bxg2 13. Rh4 Bb7 14. Bf3 Bxf3
15. Qxf3 d5 16. e4 c6 17. b4 O-O 18. a5 c5 19. dxc5 bxc5 20. exd5 cxb4 21. cxb4
Qc7 22. Kf1 Ne5 23. Qh5 h6 24. Re4 f5 25. Re2 Qc3 26. Rd1 exd5 27. Re3 Qd4 28.
Nb3 Qc4+ 29. Qe2 Ng4 30. Rd4 Nxe3+ 0-1

[Event "Lloyds Bank Masters 07th"]
[Site "London"]
[Date "1983.08.31"]
[Round "8"]
[White "Ady, Jonathan James"]
[Black "Gutman, Lev"]
[Result "0-1"]
[WhiteElo "2270"]
[BlackElo "2440"]
[PlyCount "92"]
[EventDate "1983.08.24"]
[EventType "swiss"]
[EventRounds "9"]
[EventCountry "ENG"]
[SourceTitle "Britbase"]

1. e4 c5 2. Nf3 d6 3. d4 cxd4 4. Nxd4 Nf6 5. Nc3 e6 6. Bc4 Be7 7. g4 Qa5 8. Qe2
Nc6 9. Nb3 Qc7 10. g5 Nd7 11. f4 a6 12. Be3 b5 13. Bd3 Nc5 14. O-O Bb7 15. Rad1
Nb4 16. Bd4 Nbxd3 17. cxd3 b4 18. Nb1 Nxb3 19. axb3 e5 20. Rc1 Qa5 21. fxe5
dxe5 22. Rf5 O-O 23. Bxe5 Rac8 24. Qf1 Rxc1 25. Qxc1 Rc8 26. Qf4 Qb6+ 27. d4
Qg6 28. Nd2 Rc1+ 29. Nf1 Re1 30. d5 Bc5+ 31. Kg2 Re2+ 32. Kg3 Rf2 33. Qxf2
Bxf2+ 34. Kxf2 Bc8 35. Rf3 Qxg5 36. Bg3 Qe7 37. e5 Qc5+ 38. Ne3 Qd4 39. e6 fxe6
40. Bd6 Qd2+ 41. Kg3 h6 42. Rf8+ Kh7 43. Rxc8 Qxe3+ 44. Kg4 exd5 45. Rc6 d4 46.
Bf4 Qe4 0-1

[Event "Lloyds Bank Masters 07th"]
[Site "London"]
[Date "1983.08.31"]
[Round "8"]
[White "Conquest, Stuart"]
[Black "Watson, William N"]
[Result "0-1"]
[WhiteElo "2255"]
[BlackElo "2395"]
[PlyCount "67"]
[EventDate "1983.08.24"]
[EventType "swiss"]
[EventRounds "9"]
[EventCountry "ENG"]
[SourceTitle "Britbase"]

1. d4 Nf6 2. c4 g6 3. Nc3 Bg7 4. e4 O-O 5. Be2 d6 6. Nf3 e5 7. O-O Nc6 8. d5
Ne7 9. Ne1 Nd7 10. Nd3 f5 11. Bd2 Nf6 12. f3 Kh8 13. Rc1 c5 14. g4 Ne8 15. Nf2
Ng8 16. Kg2 Bh6 17. Rb1 Bxd2 18. Qxd2 Qh4 19. b4 b6 20. bxc5 bxc5 21. Rb3 Nh6
22. h3 Nf7 23. Ncd1 Ng5 24. f4 Nf7 25. fxe5 Nxe5 26. Nd3 Nf6 27. Nxe5 dxe5 28.
d6 Bd7 29. exf5 gxf5 30. gxf5 Rg8+ 31. Kh2 Bc6 32. Rf2 Qxf2+ 33. Nxf2 Rg2+ 34.
Kh1 0-1

[Event "Lloyds Bank Masters 07th"]
[Site "London"]
[Date "1983.08.31"]
[Round "8"]
[White "Cox, John J"]
[Black "Swanson, Stephen"]
[Result "1-0"]
[WhiteElo "2355"]
[BlackElo "2270"]
[PlyCount "91"]
[EventDate "1983.08.24"]
[EventType "swiss"]
[EventRounds "9"]
[EventCountry "ENG"]
[SourceTitle "Britbase"]

1. c4 d6 2. Nc3 e5 3. g3 Nf6 4. Bg2 Be7 5. Nf3 O-O 6. O-O c6 7. d4 Nbd7 8. Qc2
Re8 9. Rd1 Bf8 10. e4 h6 11. Rb1 a5 12. b3 Nh7 13. dxe5 dxe5 14. Be3 Qf6 15.
Na4 g5 16. c5 Qg6 17. Nd2 g4 18. Nc4 Ng5 19. Nd6 Bxd6 20. Rxd6 Nf6 21. Nb6 Rb8
22. Nxc8 Rbxc8 23. Qd2 Kg7 24. Rd1 Ra8 25. Bxg5 Qxg5 26. Qc3 h5 27. Rf1 Rh8 28.
f4 gxf3 29. Qxf3 Rh6 30. h4 Qg6 31. Bh3 Qxe4 32. Rxf6 Qd4+ 33. Kh1 Rg6 34.
Rxf7+ Kh6 35. Rf6 Qd5 36. Rxg6+ Kxg6 37. Qxd5 cxd5 38. Rd1 d4 39. Bg2 Rc8 40.
Bxb7 Rxc5 41. Be4+ Kf6 42. Rd2 Rc3 43. Kg2 Ke6 44. Bf3 Kd6 45. Bxh5 Kd5 46.
Bf7+ 1-0

[Event "Lloyds Bank Masters 07th"]
[Site "London"]
[Date "1983.08.31"]
[Round "8"]
[White "Hartston, William Roland"]
[Black "Britton, Richard"]
[Result "1/2-1/2"]
[WhiteElo "2445"]
[BlackElo "2325"]
[PlyCount "37"]
[EventDate "1983.08.24"]
[EventType "swiss"]
[EventRounds "9"]
[EventCountry "ENG"]
[SourceTitle "Britbase"]

1. d4 Nf6 2. Nf3 g6 3. c4 Bg7 4. Nc3 O-O 5. Bg5 d6 6. e3 c6 7. Be2 Nbd7 8. Qc2
a6 9. O-O b5 10. cxb5 axb5 11. b4 Nb6 12. Bxf6 exf6 13. d5 c5 14. bxc5 dxc5 15.
Nxb5 f5 16. Rad1 Na4 17. d6 Bd7 18. Nc7 Rb8 19. Rb1 1/2-1/2

[Event "Lloyds Bank Masters 07th"]
[Site "London"]
[Date "1983.08.31"]
[Round "8"]
[White "Hawksworth, John C"]
[Black "Rogers, Ian"]
[Result "1-0"]
[WhiteElo "2325"]
[BlackElo "2450"]
[PlyCount "65"]
[EventDate "1983.08.24"]
[EventType "swiss"]
[EventRounds "9"]
[EventCountry "ENG"]
[SourceTitle "Britbase"]

1. d4 Nf6 2. c4 g6 3. g3 Bg7 4. Bg2 d5 5. Nf3 O-O 6. O-O Nc6 7. Nbd2 Re8 8. b3
Ne4 9. Bb2 Bf5 10. cxd5 Nb4 11. g4 Nxf2 12. Rxf2 Bxg4 13. Nc4 Nxd5 14. Nfe5 Be6
15. e4 Nf6 16. d5 Bc8 17. Qf3 Rf8 18. h3 a5 19. a4 Ra6 20. Rd1 c6 21. d6 b5 22.
dxe7 Qxe7 23. Nxa5 Bb7 24. Nxb7 Qxb7 25. Nd3 Nd7 26. Bxg7 Kxg7 27. Nb4 Ra7 28.
Qc3+ f6 29. Qxc6 bxa4 30. bxa4 Ne5 31. Qxb7+ Rxb7 32. Nd5 Rb3 33. Ra1 1-0

[Event "Lloyds Bank Masters 07th"]
[Site "London"]
[Date "1983.08.31"]
[Round "8"]
[White "Jackson, Sheila"]
[Black "Wockenfuss, Klaus"]
[Result "1/2-1/2"]
[WhiteElo "2205"]
[BlackElo "2355"]
[PlyCount "67"]
[EventDate "1983.08.24"]
[EventType "swiss"]
[EventRounds "9"]
[EventCountry "ENG"]
[SourceTitle "Britbase"]

1. e4 c5 2. c3 e6 3. d4 d5 4. exd5 exd5 5. Nf3 Nc6 6. Bb5 Bd6 7. dxc5 Bxc5 8.
O-O Nge7 9. Nbd2 O-O 10. Nb3 Bd6 11. Nbd4 Bg4 12. Qd3 Bh5 13. Bg5 Qc7 14. h3 h6
15. Be3 a6 16. Ba4 Bg6 17. Qd2 Na5 18. Rfe1 Nc4 19. Qc1 Nc6 20. Bc2 Rae8 21.
Bxg6 fxg6 22. Bd2 Rxe1+ 23. Bxe1 Qf7 24. Qc2 Re8 25. b3 N4e5 26. Bd2 Rf8 27.
Be3 g5 28. Nh2 Ng6 29. Rd1 Bf4 30. Bxf4 Nxf4 31. Nhf3 Re8 32. Re1 Rxe1+ 33.
Nxe1 Nxd4 34. cxd4 1/2-1/2

[Event "Lloyds Bank Masters 07th"]
[Site "London"]
[Date "1983.08.31"]
[Round "8"]
[White "King, Daniel J"]
[Black "Kopec, Danny"]
[Result "1/2-1/2"]
[WhiteElo "2395"]
[BlackElo "2340"]
[PlyCount "24"]
[EventDate "1983.08.24"]
[EventType "swiss"]
[EventRounds "9"]
[EventCountry "ENG"]
[SourceTitle "Britbase"]

1. Nf3 d5 2. d4 c5 3. c4 e6 4. e3 Nf6 5. Nc3 Nc6 6. a3 cxd4 7. exd4 Be7 8. Bd3
dxc4 9. Bxc4 O-O 10. O-O b6 11. Re1 Bb7 12. Ba2 Rc8 1/2-1/2

[Event "Lloyds Bank Masters 07th"]
[Site "London"]
[Date "1983.08.31"]
[Round "8"]
[White "Kosten, Anthony C"]
[Black "Wicker, Kevin J"]
[Result "1/2-1/2"]
[WhiteElo "2395"]
[BlackElo "2280"]
[PlyCount "67"]
[EventDate "1983.08.24"]
[EventType "swiss"]
[EventRounds "9"]
[EventCountry "ENG"]
[SourceTitle "Britbase"]

1. e4 e6 2. d4 d5 3. Nc3 Bb4 4. Nge2 dxe4 5. a3 Be7 6. Nxe4 Nf6 7. Qd3 Nxe4 8.
Qxe4 Nd7 9. Bf4 O-O 10. O-O-O Nf6 11. Qf3 c6 12. c4 b5 13. Nc3 bxc4 14. Bxc4
Nd5 15. h4 Nxf4 16. Qxf4 Qa5 17. Rd3 Ba6 18. Bxa6 Qxa6 19. Rhh3 Rab8 20. Rhg3
Kh8 21. Ne4 Qc4+ 22. Kb1 Rb5 23. Nd2 Qd5 24. Qg4 g6 25. Rb3 Bf6 26. Rxb5 cxb5
27. Rd3 Rd8 28. Qf3 Kg7 29. h5 Qxf3 30. Nxf3 gxh5 31. Kc2 Kg6 32. Kd2 h4 33.
Ke3 h6 34. Rc3 1/2-1/2

[Event "Lloyds Bank Masters 07th"]
[Site "London"]
[Date "1983.08.31"]
[Round "8"]
[White "McKay, Roderick M"]
[Black "Jacobs, Byron A"]
[Result "1-0"]
[WhiteElo "2365"]
[BlackElo "2255"]
[PlyCount "65"]
[EventDate "1983.08.24"]
[EventType "swiss"]
[EventRounds "9"]
[EventCountry "ENG"]
[SourceTitle "Britbase"]

1. d4 Nf6 2. c4 c5 3. d5 b5 4. a4 bxc4 5. Nc3 d6 6. e4 g6 7. Bxc4 Bg7 8. f4 O-O
9. Nf3 Na6 10. O-O Nc7 11. e5 Nd7 12. a5 dxe5 13. d6 exd6 14. Qxd6 Rb8 15. Rd1
Rb4 16. Ra4 Ne8 17. Qc6 Qc7 18. Qxc7 Nxc7 19. Rxb4 cxb4 20. Ne4 Ne6 21. Nfg5
Nf6 22. Nd6 Bd7 23. Ngxf7 Rxf7 24. Nxf7 Kxf7 25. fxe5 Ke7 26. exf6+ Bxf6 27.
Be3 Bxb2 28. Bxa7 Bc3 29. a6 Ba4 30. Rd3 Nf4 31. Bc5+ Ke8 32. a7 Bc6 33. Bb5
1-0

[Event "Lloyds Bank Masters 07th"]
[Site "London"]
[Date "1983.08.31"]
[Round "8"]
[White "Razuvaev, Yuri S"]
[Black "Nunn, John DM"]
[Result "1/2-1/2"]
[WhiteElo "2525"]
[BlackElo "2590"]
[PlyCount "58"]
[EventDate "1983.08.24"]
[EventType "swiss"]
[EventRounds "9"]
[EventCountry "ENG"]
[SourceTitle "Britbase"]

1. d4 d5 2. c4 e6 3. Nf3 c5 4. cxd5 exd5 5. g3 Nc6 6. Bg2 Nf6 7. O-O Be7 8. Nc3
O-O 9. Bg5 cxd4 10. Nxd4 h6 11. Be3 Re8 12. Nxc6 bxc6 13. Bd4 Nh7 14. Rc1 Ng5
15. Na4 Ne6 16. Rxc6 Bd7 17. Rc1 Nxd4 18. Qxd4 Bf6 19. Qd1 Rb8 20. b3 Bxa4 21.
bxa4 d4 22. Bc6 Re7 23. Bb5 Rc8 24. Rxc8 Qxc8 25. Qd3 g6 26. Bc4 Kg7 27. a5 Rc7
28. Bb3 Rc5 29. Qd2 Qa6 1/2-1/2

[Event "Lloyds Bank Masters 07th"]
[Site "London"]
[Date "1983.09.01"]
[Round "9"]
[White "Cladouras, Panagiotis"]
[Black "Ravikumar, Vaidyanathan"]
[Result "0-1"]
[WhiteElo "2290"]
[BlackElo "2390"]
[PlyCount "62"]
[EventDate "1983.08.24"]
[EventType "swiss"]
[EventRounds "9"]
[EventCountry "ENG"]
[SourceTitle "Britbase"]

1. e4 g6 2. d4 Bg7 3. Nf3 d6 4. Bc4 a6 5. O-O Nf6 6. Qe2 O-O 7. Re1 Nfd7 8. e5
Nb6 9. Bb3 Nc6 10. c3 Bg4 11. e6 d5 12. exf7+ Rxf7 13. Nbd2 e5 14. h3 Bxf3 15.
Nxf3 exd4 16. Bd2 Qd7 17. Ng5 Re7 18. Qd3 Rae8 19. Rxe7 Rxe7 20. Bd1 Ne5 21.
Qg3 Nbc4 22. Bf4 dxc3 23. bxc3 Nd6 24. Bxe5 Bxe5 25. f4 Nf5 26. Qf3 Bg7 27. Bb3
c6 28. Rd1 b5 29. Ne4 Qa7+ 30. Kh2 Kh8 31. Ng5 h6 0-1

[Event "Lloyds Bank Masters 07th"]
[Site "London"]
[Date "1983.09.01"]
[Round "9"]
[White "Martin, Andrew D"]
[Black "Hartston, William Roland"]
[Result "0-1"]
[WhiteElo "2340"]
[BlackElo "2445"]
[PlyCount "104"]
[EventDate "1983.08.24"]
[EventType "swiss"]
[EventRounds "9"]
[EventCountry "ENG"]
[SourceTitle "Britbase"]

1. d4 d5 2. c4 c6 3. cxd5 cxd5 4. Nc3 Nf6 5. Bf4 Nc6 6. Nf3 Bf5 7. e3 e6 8. Bb5
Nd7 9. Qa4 Rc8 10. O-O a6 11. Bxc6 Rxc6 12. Ne5 Nxe5 13. Bxe5 f6 14. Bg3 h5 15.
f3 h4 16. Bf2 b5 17. Qd1 b4 18. e4 bxc3 19. exf5 cxb2 20. Rb1 exf5 21. Rxb2 Bd6
22. Rb7 Kf8 23. Qb1 Qc8 24. Be1 Kg8 25. Qb3 Kh7 26. Bxh4 Kg6 27. g3 Qe6 28. Qd3
Re8 29. g4 Qe3+ 30. Qxe3 Rxe3 31. gxf5+ Kxf5 32. Rxg7 Rd3 33. Bf2 Rc2 34. h4
Bf4 35. h5 Rxa2 36. Bg3 Rxd4 37. Bxf4 Rxf4 38. Rg4 Rc2 39. h6 Rxg4+ 40. fxg4+
Kg6 41. Rf5 d4 42. Rd5 Kxh6 43. Rxd4 Ra2 44. Rd5 Kg6 45. Kf1 Kh6 46. Rf5 Kg6
47. Rd5 a5 48. Rf5 a4 49. Ra5 a3 50. Kg1 Kf7 51. g5 fxg5 52. Rxg5 Rb2 0-1

[Event "Lloyds Bank Masters 07th"]
[Site "London"]
[Date "1983.09.01"]
[Round "9"]
[White "Matanovic, Aleksandar"]
[Black "Razuvaev, Yuri S"]
[Result "1/2-1/2"]
[WhiteElo "2485"]
[BlackElo "2525"]
[PlyCount "34"]
[EventDate "1983.08.24"]
[EventType "swiss"]
[EventRounds "9"]
[EventCountry "ENG"]
[SourceTitle "Britbase"]

1. e4 e5 2. Nf3 Nc6 3. Bb5 a6 4. Ba4 Nf6 5. O-O Be7 6. Re1 b5 7. Bb3 O-O 8. c3
d6 9. h3 Bb7 10. d4 Re8 11. Nbd2 Bf8 12. a4 h6 13. Bc2 exd4 14. cxd4 Nb4 15.
Bb1 g6 16. Ra3 Bg7 17. Rae3 c5 1/2-1/2

[Event "Lloyds Bank Masters 07th"]
[Site "London"]
[Date "1983.09.01"]
[Round "9"]
[White "Murey, Jacob"]
[Black "Kosten, Anthony C"]
[Result "1-0"]
[WhiteElo "2485"]
[BlackElo "2395"]
[PlyCount "67"]
[EventDate "1983.08.24"]
[EventType "swiss"]
[EventRounds "9"]
[EventCountry "ENG"]
[SourceTitle "Britbase"]

1. c4 e5 2. Nf3 Nc6 3. g3 e4 4. Nh4 d6 5. Nc3 f5 6. d3 Be7 7. dxe4 Bxh4 8. gxh4
Nf6 9. Rg1 Qd7 10. Bh3 Qf7 11. exf5 Qxc4 12. Rxg7 Qxh4 13. Qb3 Ne5 14. Bg5 Qxh3
15. Bxf6 Qxf5 16. Nd5 Kf8 17. Rg5 Qe4 18. Bg7+ Kf7 19. Nc3+ Be6 20. Nxe4 Bxb3
21. Bxh8 Rxh8 22. axb3 Re8 23. Rg3 a6 24. Ng5+ Ke7 25. Nxh7 Kd8 26. Nf6 Re6 27.
f4 Nc6 28. Rg8+ Ke7 29. Nd5+ Kf7 30. Rc8 Nd4 31. Rxc7+ Kg6 32. Re7 Rxe7 33.
Nxe7+ Kf7 34. Rd1 1-0

[Event "Lloyds Bank Masters 07th"]
[Site "London"]
[Date "1983.09.01"]
[Round "9"]
[White "Nunn, John DM"]
[Black "King, Daniel J"]
[Result "1/2-1/2"]
[WhiteElo "2590"]
[BlackElo "2395"]
[PlyCount "47"]
[EventDate "1983.08.24"]
[EventType "swiss"]
[EventRounds "9"]
[EventCountry "ENG"]
[SourceTitle "Britbase"]

1. e4 c5 2. Nf3 Nc6 3. d4 cxd4 4. Nxd4 Nf6 5. Nc3 e5 6. Ndb5 d6 7. Bg5 a6 8.
Na3 b5 9. Nd5 Be7 10. Bxf6 Bxf6 11. c3 O-O 12. Nc2 Rb8 13. Be2 Bg5 14. O-O a5
15. Qd3 Be6 16. Rfd1 Kh8 17. Na3 b4 18. Nb5 bxc3 19. bxc3 Rb7 20. a4 Nb8 21.
Qc4 Qd7 22. Rab1 Rc8 23. Qd3 Na6 24. Qg3 1/2-1/2